Seas, Oceans, Bays and Gulfs of the World - Statistics

General Stats
  • This quiz has been taken 394 times
    393 since last reset
  • The average score is 6 of 13
Answer Stats
Hint Answer % Correct
East of Italy, West of Croatia and Montenegro Adriatic
83%
South of Cuba, north of Venezuela and Colombia Caribbean
65%
Was once referred to as a "Roman Lake" Mediterranean
64%
East of Oman, West of India Arabian
59%
East of India, West of Myanmar Bengal
55%
East of Greeland, West of Norway Norwegian
49%
Under Italy's Bootheel Ionian
47%
East of Sardinia, West of Italy's Instep Tyrrhenian
35%
West of Kamchatkan Peninsula Okhotsk
33%
North of the Siberian wastelands Kara
32%
Middle of Indonesia Banda
22%
A bit south of Sri Lanka Laccadive
22%
Watery incursion into Antarctica Weddell
14%
No matching quizzes found
Score Distribution
Percent of People with Each Score
Percentile by Number Answered
Your Score History
You have not taken this quiz since the last reset